000 00257nam a2200097Ia 4500
001 1219504
005 20250827024706.0
008 250824s9999 xx 000 0 und d
245 0 _aMİDOS KARTALI'NIN GÖZLERİ
_cGÜLTEN DAYIOĞLU
260 _bALTIN KİTAPLAR
999 _c1219504
_d1219504